Estadísticas para Prueba de Armenia

Haz click aquí para tomar la prueba!

Estadísticas generales

  • Esta prueba ha sido tomada 605 veces
  • La puntuación promedio es 13 de 19

Estadísticas de respuestas

PistaRespuesta% Correcto
Países limítrofesAzerbaiyán
97%
Países limítrofesGeorgia
97%
Países limítrofesTurquía
96%
País del que Armenia formó parte hasta 1991Unión Soviética
93%
Los países extranjeros con mayor número de personas de ascendencia armeniaRusia
91%
CapitalEreván
88%
Imperio que cometió genocidio contra los armenios, 1914-1923Imperio Otomano
84%
Países limítrofesIrán
82%
Español tiene 27, griego tiene 24, pero armenio tiene 39 de estasLetras
81%
Armenia es el lugar de la primera producción conocida
de esta bebida (4100 a.C.)
Vino
73%
La cordillera en la que se encuentra ArmeniaCaucásico
71%
Los países extranjeros con mayor número de personas de ascendencia armeniaEstados Unidos
64%
En el año 300 d.C., Armenia fue el primer país en adoptar oficialmente ...Cristiandad
59%
Armenia tiene el mayor número de grandes maestros per cápita en este evento
* entre países > 1 millón de personas
Ajedrez
45%
Una alta montaña en un país limítrofe
que es un símbolo nacional de Armenia
Monte Ararat
45%
La fruta, empezando con A, se cree que se originó en ArmeniaAlbaricoque
40%
Nombre de Armenia en armenio{Haya}stan
23%
Moneda de ArmeniaDram
21%
El lago que constituye 4% de la superficie de ArmeniaLago Sevan
18%

Distribución de puntuación

Porcentaje por número respondido

Porcentaje de gente con cada puntuación

Historial de tus puntuaciones

No has tomado esta prueba